000
00278nam a22001337a 4500
008
180302b xxu||||| |||| 00| 0 eng d
020
_a
9780812098198
041
_a
eng
080
_a
51
100
_a
36
101
_a
MAT
245
_a
Calculus
_c
Gootman,E.C
942
_2
udc
_c
BK
999
_c
44079
_d
44079